| 000 | 00861nam a22002177a 4500 | ||
|---|---|---|---|
| 999 |
_c61606 _d61606 |
||
| 005 | 20240328162226.0 | ||
| 008 | 240328s2020 enk||||| |||| 00| 0 eng d | ||
| 020 | _a9781260453225X | ||
| 041 | _aeng | ||
| 080 | _a657:004 IT-87 | ||
| 245 |
_aIT Auditing: _bUsing Controls to Protect Information Assets / _cMike Kegerreis, Mike Schiller, Chris Davis, Wrozek VBrian. |
||
| 264 |
_aNew York : _bMcGraw Hill, _c2020. |
||
| 300 |
_a553 p.; _b24 cm. |
||
| 653 | _aსაინფორმაციო აქტივები | ||
| 653 | _aინფორმაციული ტექნოლოგიები | ||
| 700 |
_aKegerreis, Mike _eავტორი _921621 |
||
| 700 |
_aSchiller, Mike _eავტორი _921622 |
||
| 700 |
_aDavis, Chris _eავტორი _921623 |
||
| 700 |
_aWrozek, Brian _eავტორი _921624 |
||
| 942 |
_2udc _cBK |
||